[Event "Chicago Open"]
[Site "Monaco"]
[Date "2004.??.??"]
[Round "6"]
[White "Akobian, V."]
[Black "Blatny, P."]
[Result "1-0"]
[WhiteElo "2604"]
[BlackElo "2531"]
[Annotator "GM Akobian "]
[PlyCount "83"]
[EventDate "27.??.??"]
[WhiteTeam "USA"]
[BlackTeam "USA"]
[WhiteTeamCountry "USA"]
[BlackTeamCountry "USA"]

1. d4 d5 2. c4 e6 3. Nf3 c6 4. Qc2 f5 5. Bf4 Bd6 6. Bxd6 Qxd6 7. e3 Ne7 8. Bd3
Nd7 9. cxd5 $1 Nxd5 (9... exd5 10. Bxf5 Nxf5 11. Qxf5 Qb4+ 12. Nbd2 Qxb2 13.
Qe6+ Kd8 14. O-O Rf8 15. Qg4 $16) (9... cxd5 10. Nc3 a6 11. Rc1 O-O 12. Ne2 Nc6
13. a3 Nf6 14. b4 Bd7 15. Qc5 $14) 10. a3 b6 11. Nbd2 Bb7 12. O-O O-O 13. b4 $1
Kh8 14. Rfc1 Qe7 15. Rab1 $1 {to prevent c5} Rac8 16. Nc4 g5 {too risky} (16...
N5f6 $142 17. Nfe5 Nxe5 18. Nxe5 Nd7 19. Nxd7 Qxd7 20. Be2 Rc7 21. Bf3 Rfc8 22.
Qa4 $16 {with the lots of pressure on c6}) 17. Nce5 g4 18. Nxd7 $1 gxf3 (18...
Qxd7 19. Ne5 Qd6 20. Qa4 $16) 19. Nxf8 Qg5 (19... Rxf8 20. gxf3 Qg5+ 21. Kf1
Rg8 22. Ke2 $18) (19... fxg2 20. Nxe6 $1 Qxe6 21. Bxf5 Qf7 22. Bxc8 Bxc8 23.
Qxc6 $18) 20. g3 Rxf8 21. e4 $1 {
white needs to open some lines in order to activate the rooks} fxe4 (21... Nf4
22. exf5 exf5 23. Re1 $18) 22. Bxe4 Nf4 23. Re1 Qg4 24. Re3 Nh3+ (24... Ne2+
25. Rxe2 fxe2 26. b5 $1 Qg7 27. bxc6 Ba6 28. Qc3 $18) 25. Kf1 Ng5 26. h4 $1 {
going into the forced line which leaves black in the hopless rook endgame} (26.
Ke1 Qh3 27. Bxc6 Bxc6 28. Qxc6 Qxh2 29. Qb5 $18) 26... Nxe4 27. Qxe4 Ba6+ $1
28. Kg1 (28. Ke1 $4 Qxe4 29. Rxe4 Bd3 $19) 28... Qxe4 29. Rxe4 Bd3 30. Rbe1
Bxe4 31. Rxe4 Rf6 32. g4 $1 {with idea of Kh2 Kg3} Kg7 33. Kh2 Kf7 34. Kg3 Ke7
35. Rf4 Rg6 36. g5 {
gaining more space and taking away more squars from the rook} Kd6 37. Kxf3 e5
38. dxe5+ Kxe5 39. Rf7 h5 (39... h6 40. Kg4 {with idea of f4,f5+-}) 40. Ke3 Kd5
41. Kd3 Re6 42. f4 {. 1-0 Akobian,V-Blatny,P/Chicago Open 2004 2004/ [Akobian
Varuzhan] (42) whites 2 coneccted passed pawn will simple decide the outcome
of the game.} 1-0

[Event "32nd World Open"]
[Site "Philadelphia USA"]
[Date "2004.07.04"]
[Round "7"]
[White "Akobian, V."]
[Black "Wojtkiewicz, A."]
[Result "1-0"]
[WhiteElo "2603"]
[BlackElo "2670"]
[Annotator "GM Akobian"]
[PlyCount "101"]
[EventDate "2004.07.01"]
[WhiteTeam "USA"]
[BlackTeam "USA"]
[WhiteTeamCountry "USA"]
[BlackTeamCountry "USA"]

1. d4 d5 2. c4 c6 3. cxd5 cxd5 4. Nf3 Nf6 5. Nc3 Nc6 6. Bf4 a6 7. Rc1 Qb6 $6 (
7... Bf5 8. e3 Qb6 9. Qd2 e6 10. a3) 8. Na4 Qa5+ 9. Bd2 Qd8 10. Qb3 $14 e6 11.
Nb6 Rb8 12. e3 Ne4 (12... Bd6 13. Nxc8 Qxc8 14. Bd3 Qd7 15. O-O O-O 16. Rc2
Rfc8 17. Rfc1 $14) 13. Nxc8 Nxd2 (13... Qxc8 14. Bxa6 Nxd2 15. Nxd2 Bb4 16. Bd3
Bxd2+ 17. Kxd2 $16) 14. Nxd2 Bb4 15. a3 (15. Na7 Bxd2+ 16. Kxd2 Nxa7 17. Qa3
$14) 15... Bxd2+ 16. Kxd2 Qxc8 17. Bxa6 $1 O-O (17... bxa6 18. Rxc6 Qd8 19. Qc2
O-O 20. f4 Qa5+ 21. Ke2 Rb6 22. Rc5 Rb5 23. a4 Rxc5 24. dxc5 Rc8 25. Rc1 $16)
18. Be2 Qd7 19. Rhd1 Qd6 20. g3 (20. f4 Rfc8 21. Qb6 Ra8 22. Rc5 Rc7 23. Rdc1
$16) 20... e5 21. dxe5 Qxe5 22. Ke1 (22. Rc5 $142 $1 Nd4 (22... Rfd8 23. Ke1
Ne7 24. Qc3 $18) 23. Qxd5 Qxd5 24. Rxd5 Nxe2 25. Kxe2 $18) 22... d4 23. exd4
Nxd4 (23... Qe4 24. Qf3 Rfe8 25. Qxe4 Rxe4 26. Kf1 Rxd4 27. Bf3 Rxd1+ 28. Rxd1
$18) 24. Qe3 $1 Qxe3 25. fxe3 Nc6 (25... Nxe2 26. Kxe2 Rbc8 27. Rxc8 Rxc8 28.
Rd7 b6 29. Rb7 Kf8 30. Rxb6 Rc2+ 31. Kf3 Rxh2 32. a4 $18) 26. Rd7 Rfe8 27. Kf2
Re6 28. Bb5 $18 Na7 (28... Ne5 29. Rxb7 $1 Ng4+ 30. Kg1 $18) 29. Ba4 Ra6 30.
Bb3 Rf6+ 31. Ke2 Nc6 32. Bd5 (32. Rf1 Rxf1 33. Kxf1 Ne5 (33... Nd8 34. Bd5 b5
35. Ke2 $18) 34. Re7 $18) 32... Kf8 33. Bxc6 (33. b4 $1 $18) 33... bxc6 34. b4
Rh6 35. h4 Rg6 (35... Re8 36. Rc3 Rg6 37. Rc7 Rxg3 38. R7xc6 $18) 36. h5 Rxg3
37. Rxc6 Rg2+ 38. Kf3 Rg5 39. Rcc7 Rf5+ 40. Ke2 h6 41. a4 $1 Kg8 (41... Rxb4 $4
42. Rc8#) 42. b5 Rxh5 43. Rxf7 Rg5 44. Rb7 Ra8 45. Ra7 $1 Rb8 46. Rfb7 Rf8 47.
b6 Rg2+ 48. Kd3 Rf1 49. a5 Rb1 (49... Rd1+ 50. Ke4 Rg4+ 51. Kf3 $18) 50. a6 h5
51. Rxg7+ $1 (51. Rxg7+ Rxg7 52. Rxg7+ Kxg7 53. a7 Rb3+ 54. Kc4 Ra3 55. b7 Rxa7
56. b8=Q $18) 1-0

[Event "32nd World Open"]
[Site "Philadelphia USA"]
[Date "2004.07.06"]
[Round "9"]
[White "Golod, V."]
[Black "Akobian, V."]
[Result "0-1"]
[WhiteElo "2788"]
[BlackElo "2603"]
[Annotator "GM Akobian"]
[PlyCount "86"]
[EventDate "2004.07.01"]
[WhiteTeam "USA"]
[BlackTeam "USA"]
[WhiteTeamCountry "USA"]
[BlackTeamCountry "USA"]

1. e4 {This game has been played in the last round and i knew if I can win i
will have a good chance to win the tournament outright.} e6 2. Nf3 d5 3. Nc3
Nf6 4. e5 Nfd7 5. d4 c5 6. dxc5 Nc6 7. Bf4 Nxc5 {
little surprize most popular move in this position considerd 7..Bxc5} 8. Be2 $6
{this move is not good because takes the important e2 square from c3 knight.}
a6 9. O-O Be7 10. a3 O-O 11. Re1 f5 $1 {
gaining more space and forcing white to give up the center} 12. exf6 (12. b4
Ne4 {black is slightly better}) 12... Bxf6 {
now black is threatnig Bxc3 and Rxf4} 13. Bg3 Ne4 $1 14. Qd3 (14. Nxe4 dxe4 15.
Nd2 Bxb2 16. Rb1 Bc3 17. Nxe4 Bxe1 18. Qxe1 e5 $19 {
black is winning because white has no compensation for the exchange.}) 14...
Nxg3 $1 {its much more important here to get rid of the whitessstrong bishop
then doubling the pawns on q-side.} 15. hxg3 Bd7 16. Rad1 Rf7 {its hard for
white to find the good plan here because black is controling the center and
his dark square bishop is very powerful} 17. Na4 {better is} (17. g4 b5 18. Bf1
g6 19. Qd2 Qb6 20. g5 Bg7 {with idea of Raf8 and black is much better}) 17...
Qa5 18. Qb3 {Diagram #} Nd4 $1 {very strong tactical shot} 19. Rxd4 (19. Nxd4
Bxd4 20. Rxd4 Qxe1+ {black wins}) (19. Qxb7 Bc6 $1 20. Qb4 Qxb4 21. axb4 Nxe2+
22. Rxe2 Bxa4 23. b3 Bd7 {black is piece ahead}) 19... Bxd4 20. Nc3 (20. Qxb7
Rxf3 $1 21. Qxa8+ Rf8 22. Qb7 Qxe1+ {winning for black}) 20... Bxc3 {
since i am up an exchange its good to simplify} 21. bxc3 Rc8 22. Qxb7 Qxc3 23.
Kf1 Rcf8 24. Qxa6 e5 $1 {now black is winning due to the e4 which will make
white to move his knight from f3} 25. Qd3 Qa5 26. Qe3 e4 27. Nd4 Rxf2+ 28. Qxf2
Rxf2+ 29. Kxf2 Qc5 30. Rd1 Ba4 31. Kf1 Qxa3 32. g4 g6 {
take away f5 square fron d4 knight} 33. Rb1 Qg3 34. Rd1 e3 35. Kg1 Bxc2 36.
Nxc2 Qf2+ 37. Kh2 Qxe2 38. Nxe3 Qxe3 39. Rxd5 h6 40. Rd8+ Kf7 41. Rd7+ Kf6 42.
Rb7 Qe4 43. Rb6+ Kg5 {very important last round victory which game me the
Cleat 1st place in the 2004 world open} 0-1

[Event "Alajuela Open 2005"]
[Site "?"]
[Date "2005.07.27"]
[Round "?"]
[White "Delgado, N."]
[Black "Akobian, V."]
[Result "0-1"]
[WhiteElo "2570"]
[BlackElo "2558"]
[Annotator "GM Akobian"]
[PlyCount "88"]
[EventDate "2005.05.17"]
[WhiteTeam "USA"]
[BlackTeam "USA"]
[WhiteTeamCountry "USA"]
[BlackTeamCountry "USA"]

1. e4 e6 2. d4 d5 3. exd5 exd5 4. c4 Nf6 5. Nc3 Bb4 6. Nf3 O-O 7. Bd3 dxc4 8.
Bxc4 Bg4 9. O-O Nc6 10. Be3 Qd7 $11 11. h3 Bh5 12. a3 Ba5 $1 13. b4 Bb6 14. d5
Bxf3 15. Qxf3 Ne5 16. Qf4 Nxc4 17. Qxc4 Bxe3 18. fxe3 Rfe8 19. Rf3 Re5 20. Raf1
Rae8 21. Qd4 b6 22. e4 Nxe4 23. Rxf7 Qxf7 24. Rxf7 Kxf7 25. Nb5 Rf5 26. Qc4 $2
(26. Qd3 $1 Re7 27. Nxc7 Rxc7 28. Qxe4 Rf6 29. Qxh7 Rd7 30. Qh5+ Kf8 31. h4
Rfd6 $11) 26... Nd2 27. Qxc7+ Kg8 28. Nd6 Re1+ 29. Kh2 Nf1+ 30. Kg1 Rf8 31. Qc3
Nd2+ 32. Kh2 Re2 33. Nf5 $2 (33. Nc4 Nf3+ 34. Kg3 Ne1 35. Ne3 Re8 $1 36. Ng4 h5
$17) 33... Rxf5 34. d6 Nf1+ 35. Kg1 Ne3 36. Qc8+ Kf7 37. Qb7+ Kg6 38. d7 Rd2
39. Qc6+ Kg5 40. Qb7 Kh6 $1 41. a4 Rd1+ 42. Kh2 Nf1+ 43. Kg1 Ng3+ 44. Kh2 Rg5
0-1

[Event "HB Global"]
[Site "?"]
[Date "2005.05.22"]
[Round "9"]
[White "Akobian, V."]
[Black "Lugo, B."]
[Result "1-0"]
[WhiteElo "2556"]
[BlackElo "2450"]
[Annotator "GM Akobian"]
[PlyCount "69"]
[EventDate "2005.??.??"]
[WhiteTeam "USA"]
[BlackTeam "USA"]
[WhiteTeamCountry "USA"]
[BlackTeamCountry "USA"]

1. d4 d5 2. c4 c6 3. e3 Nf6 4. Nf3 e6 5. Bd3 Nbd7 6. Nbd2 b6 7. b3 Bb7 8. Bb2
Be7 9. O-O O-O 10. Ne5 c5 11. Qc2 cxd4 12. exd4 Rc8 13. a4 (13. f4 $142 dxc4
14. bxc4 b5 15. c5 $14) 13... g6 14. f4 dxc4 15. bxc4 Nd5 16. Qb3 Nxf4 $1 17.
Nxd7 (17. Rxf4 $6 Nxe5 18. dxe5 Bc5+ 19. Kh1 $2 (19. Kf1 Be3 20. Rf2 Bxf2 21.
Kxf2 Qh4+ 22. Kg1 Bxg2 23. Kxg2 Qg5+ 24. Kh1 Qxd2 $13) 19... Qg5 $19) 17...
Nxd3 18. Nxf8 Nxb2 19. Nxe6 fxe6 20. Qxb2 Bf6 21. Rf4 $1 (21. Nb3 Rxc4 22. Qf2
Kg7 $13) 21... Bg5 $2 (21... g5 $8 22. Rxf6 Qxf6 23. Rf1 Qg7 24. Qc3 $14) 22.
Rg4 Be3+ 23. Kh1 Qd7 {/\ e5!} 24. h3 $1 Bxd2 25. Qxd2 Rxc4 26. Rf1 Bd5 27. Qf4
(27. Qf2 $142 Rc8 28. Rf4 Qd6 29. Rf7 $18) 27... Qe7 28. Qb8+ Kg7 29. Qe5+ Kg8
30. h4 Rxa4 31. h5 Ra5 32. Qb8+ Kg7 33. hxg6 hxg6 34. Qe5+ Kh7 35. Rf7+ $1 1-0

[Event "Continental Champ. ARG"]
[Site "?"]
[Date "2005.08.13"]
[Round "8"]
[White "Akobian, V."]
[Black "Milman, L."]
[Result "1-0"]
[WhiteElo "2558"]
[BlackElo "2459"]
[Annotator "GM Akobian"]
[PlyCount "73"]
[EventDate "2005.??.??"]
[WhiteTeam "USA"]
[BlackTeam "USA"]
[WhiteTeamCountry "USA"]
[BlackTeamCountry "USA"]

1. d4 d5 2. c4 c6 3. Nc3 Nf6 4. Nf3 dxc4 5. a4 Bf5 6. e3 e6 7. Bxc4 Bb4 8. O-O
Nbd7 9. Nh4 Bg6 10. Be2 Qa5 11. Qb3 O-O-O 12. Bd2 Kb8 13. Rfd1 Ka8 14. Ne4 Bxd2
15. Nxd2 Nb6 16. Nxg6 hxg6 17. Qc2 Qf5 18. e4 Qf4 19. g3 Qc7 20. Nf3 Nbd7 21.
b4 Rc8 22. Ng5 Nh7 23. Nxf7 Rhf8 24. Ne5 Nxe5 25. dxe5 Ng5 (25... Qxe5 26. f4)
26. f4 Qb6+ 27. Kg2 Qe3 28. Bg4 Nxe4 29. Re1 Qd2+ 30. Qxd2 Nxd2 31. Bxe6 Rce8
32. Rad1 Rxe6 33. Rxd2 Kb8 34. h4 Kc7 35. Red1 Rf7 36. Rd6 Rfe7 37. Kf3 1-0

[Event "UTD 2005"]
[Site "?"]
[Date "2005.12.13"]
[Round "11"]
[White "Simotowe, A."]
[Black "Akobian, V."]
[Result "0-1"]
[WhiteElo "2458"]
[BlackElo "2600"]
[Annotator "GM Akobian"]
[PlyCount "158"]
[EventDate "2005.12.06"]
[WhiteTeam "USA"]
[BlackTeam "USA"]
[WhiteTeamCountry "USA"]
[BlackTeamCountry "USA"]

1. d4 d5 2. c4 c6 3. Nc3 Nf6 4. e3 a6 5. Qc2 b5 6. b3 Bg4 7. Nge2 Bh5 (7... e6
8. Ng3 Nbd7 9. h3 Bh5 10. Nxh5 Nxh5 11. Bd3 Nhf6 12. O-O Be7 $14) (7... b4 8.
Na4) 8. Nf4 Bg6 9. Nxg6 hxg6 10. cxd5 (10. Bd3 e6 11. O-O Bd6 12. h3 Nbd7 13.
e4 $14) 10... cxd5 11. a4 b4 12. Na2 e6 13. g3 Bd6 14. Bg2 Nbd7 15. Bd2 Rc8 16.
Qd3 Qb6 17. O-O a5 18. Rac1 Ke7 19. Rxc8 Rxc8 20. Rc1 Rxc1+ 21. Nxc1 e5 $2 (
21... Qc6 $11) 22. dxe5 (22. Bxd5 $1 Nxd5 23. dxe5 Bxe5 24. Qxd5 Qd6 25. Qxd6+
Kxd6 26. Nd3 $16) 22... Nxe5 23. Qd4 Qc6 (23... Qxd4 24. exd4 Nc6 25. Be3 Bc7
26. f3 Bb6 27. Ne2 $11) 24. Nd3 Ned7 25. Qb2 Ne4 26. Qc1 Qxc1+ 27. Bxc1 Ke6 $1
28. Bf3 Nec5 29. Nxc5+ Nxc5 30. Bd1 Be5 31. Bc2 g5 $15 32. h3 f5 33. Kf1 Bc3
34. Ke2 Kf6 35. Bd1 Ne4 36. Bc2 Ke5 37. Bd3 Nc5 38. Bc2 Nd7 39. Bd3 Ke6 40. Bc2
Nf6 41. Bd3 g4 42. hxg4 Nxg4 43. Ba6 g6 44. Bd3 Nf6 45. Ba6 Ne4 46. Bd3 Nc5 47.
Bc2 Kf6 48. Bd1 Ke5 49. Bc2 Ne6 50. Bd3 Kd6 51. Bc2 Nc5 52. Bd1 Bg7 53. Bc2 Bc3
54. Bd1 Ke5 55. Bc2 Ne4 56. Bd3 Kf6 57. Bc2 Kg5 58. Bd3 Nc5 59. Bc2 (59. e4+
Kf6 60. exd5 Nxb3 61. Be3 Nd4+ 62. Bxd4+ Bxd4 63. Bc4 Bc5 64. f4 $11) 59... Kg4
60. Kf1 Kh3 61. Kg1 Be5 $1 62. Bd2 Bb2 $1 63. Kf1 Bc3 64. Be1 (64. Bc1 Kh2 65.
g4 fxg4 66. Bxg6 (66. e4 Nxe4 67. Bf4+ Kh3 68. Bxe4 dxe4 69. Bc7 e3 70. fxe3 g3
71. Kg1 g2 $19) 66... Nxb3 $19) 64... Kh2 65. Bb1 Bxe1 66. Kxe1 Nxb3 67. Ba2
Nc5 68. Bxd5 b3 69. Kd1 g5 70. g4 (70. Kd2 Ne4+ 71. Kc1 Nxf2 72. Bxb3 Kxg3 73.
Be6 Kf3 74. Bxf5 g4 75. Bxg4+ Nxg4 76. Kd2 Ke4 77. Kc3 Nxe3 $19) 70... fxg4 71.
e4 Kg1 72. e5 Kxf2 73. Bxb3 g3 74. Bd5 g2 75. Bxg2 Kxg2 76. Ke2 g4 77. Ke3 g3
78. Kd4 Ne6+ 79. Kd5 Ng5 0-1

[Event "Aeroflot 2006"]
[Site "?"]
[Date "2006.02.11"]
[Round "4"]
[White "Akobian, V."]
[Black "Erenburg, S."]
[Result "1-0"]
[WhiteElo "2600"]
[BlackElo "2573"]
[Annotator "GM Akobian"]
[PlyCount "75"]
[EventDate "2006.02.08"]
[WhiteTeam "USA"]
[BlackTeam "USA"]
[WhiteTeamCountry "USA"]
[BlackTeamCountry "USA"]

1. d4 d5 2. c4 c6 3. cxd5 cxd5 4. Nf3 Nf6 5. Nc3 Nc6 6. Bf4 a6 7. Rc1 Bf5 8. e3
Rc8 9. Ne5 (9. Qb3 Na5 10. Qa4+ Bd7 11. Qd1 Bf5) 9... Nxe5 (9... e6 10. Qb3 Na5
11. Qa4+ b5 12. Bxb5+ axb5 13. Qxb5+ Nd7 14. Nxd7 Qxd7 15. Qxa5 $18) 10. dxe5
Ne4 11. Nxe4 (11. Nxd5 Rxc1 12. Qxc1 Qxd5) 11... Rxc1 (11... Bxe4 12. Qa4+ Qd7
(12... b5 13. Bxb5+ axb5 14. Qxb5+ Qd7 15. Rxc8#) 13. Rxc8#) 12. Qxc1 dxe4 (
12... Bxe4 13. e6 Qa5+ 14. Ke2 fxe6 (14... Qb5+ 15. Kd1 Qa4+ 16. b3 Qxa2 17.
Qc8#) 15. f3 Bg6 16. Be5 $16 Qxa2 17. Kf2) 13. Be2 Qa5+ 14. Qd2 (14. Kf1 Bd7)
14... Qxd2+ 15. Kxd2 e6 16. Kc3 Bc5 17. b4 Bb6 18. a4 Ke7 19. a5 Bc7 20. Rd1 f6
(20... Rd8 21. Rd4 Rxd4 (21... h6 22. h4) 22. exd4) 21. exf6+ gxf6 22. Bxc7 Rc8
23. Rd4 Rxc7+ 24. Rc4 Rd7 (24... Rxc4+ 25. Kxc4 Kd6 26. b5 (26. g4 Bg6 27. b5
Kc7 28. bxa6 bxa6 29. Kc5 Kb7 30. Kd6 Bf7 31. Ke7 Bg8 (31... Bg6 32. Kxf6) 32.
Kf8)) 25. g4 Bg6 26. h4 e5 27. Rc8 (27. h5 Bf7 28. Rxe4 Bd5) 27... h6 28. b5
Be8 29. bxa6 bxa6 30. Rc6 Ra7 (30... Rd2 31. Kxd2 Bxc6 32. Bxa6 Kd6 33. Kc3 Kc5
34. Bc4 (34. Be2 Bb5 35. Bxb5 Kxb5 36. a6 Kxa6 37. Kc4 Kb6 38. Kd5)) (30... Rd2
31. Kxd2 Bxc6 32. Bxa6 Kd6 33. Kc3 Kc5 34. Bc8) (30... Rd3+ 31. Bxd3 Bxc6 32.
Bxa6) 31. Rxa6 Rc7+ 32. Kb4 Rc2 33. Bc4 Rxf2 34. Re6+ Kd7 35. a6 Rb2+ 36. Kc3 {
1-0} Rb8 37. a7 Ra8 (37... Rc8 38. Ra6) 38. Ra6 1-0

[Event "Aeroflot 2006"]
[Site "?"]
[Date "2006.02.13"]
[Round "6"]
[White "Akobian, V."]
[Black "Postny, E."]
[Result "1-0"]
[WhiteElo "2600"]
[BlackElo "2580"]
[Annotator "GM Akobian"]
[PlyCount "193"]
[EventDate "2006.02.08"]
[WhiteTeam "USA"]
[BlackTeam "USA"]
[WhiteTeamCountry "USA"]
[BlackTeamCountry "USA"]

1. d4 Nf6 2. c4 e6 3. Nf3 b6 4. Nc3 Bb7 5. Bg5 h6 6. Bxf6 Qxf6 7. e3 Bb4 8. Rc1
O-O 9. Be2 d6 10. O-O Bxc3 (10... Nd7 11. Nb5 Rfc8 12. a3 Ba5 13. b4) 11. Rxc3
Nd7 12. Qc2 e5 13. Rd1 a5 14. b3 Rae8 15. a3 exd4 (15... Bxf3 16. gxf3 (16.
Bxf3 exd4 17. exd4 Qxd4 18. Bc6 Re7 19. Bxd7 Rxd7 20. Rxd4)) 16. Nxd4 Nc5 $11
17. f3 Qg5 18. Qd2 Re7 (18... f5) 19. e4 Qxd2 (19... Qg6) 20. Rxd2 g6 (20...
Bxe4 21. fxe4 Nxe4 22. Rdc2 (22. Re3) 22... Nxc3 23. Rxc3 c5) 21. b4 axb4 22.
axb4 Ne6 23. Nxe6 Rxe6 24. Ra3 Ra8 25. Rxa8+ Bxa8 26. c5 (26. Ra2 $14 Bc6 27.
Ra7 Re7) 26... bxc5 27. bxc5 Bc6 28. Bc4 Rf6 (28... Re7 29. cxd6 Rd7 (29...
cxd6 30. Rxd6 Be8 31. Rxg6+) 30. dxc7) 29. Ra2 dxc5 30. Ra7 Be8 31. Rxc7 Rb6 (
31... Rc6 32. Bxf7+ Bxf7 33. Rxc6) 32. Bd5 (32. Rxc5 Bc6 (32... Rc6 33. Rxc6
Bxc6) 33. Rxc6) 32... Kf8 (32... Rb5 33. Rc8 Kf8 34. Rxe8+ Kxe8 35. Bc6+) 33.
Rxc5 g5 34. Rc7 h5 35. h4 gxh4 36. Kh2 Rb1 37. f4 Rf1 38. f5 Rf2 39. Kh3 f6 40.
Rb7 Rf4 41. Ra7 Rf2 42. Ra6 Ke7 (42... Kg7 43. Ra8 Bf7 (43... Bb5 44. Rg8+ Kh7
45. Rg6) 44. Ra7) 43. Ra7+ (43. Re6+ $1 Kf7 44. e5 (44. Kxh4 Rxg2 45. e5 Rg4+ (
45... Rg5 46. Rxf6+ Kg7 47. Kxg5) 46. Kxh5 Rg5+ 47. Kh4) (44. Kxh4 Rxg2 45. e5
Rh2+ 46. Kg3) 44... fxe5 45. Rxe5+ Kf8 46. Kxh4) 43... Kf8 44. Rb7 Rf4 45. Rh7
Rf2 46. Kxh4 Rxg2 47. e5 Rg7 (47... Rg4+ 48. Kh3 fxe5 49. f6) 48. Rh8+ (48.
Rxg7 Kxg7 49. e6 Kf8 50. Bf3 Ke7 51. Bxh5 Bb5) 48... Ke7 49. exf6+ Kxf6 50.
Rxe8 Kxf5 51. Bf3 Kf4 52. Bxh5 Rg4+ 53. Kh3 Rg3+ 54. Kh2 Rg7 55. Rf8+ Ke5 56.
Kh3 Ke4 57. Bg4 Ke5 58. Kg3 Re7 59. Kf3 Kd4 60. Bf5 Ke5 61. Be4 Kd4 62. Rd8+
Ke5 63. Ke3 Ke6 64. Kd4 Rd7+ 65. Bd5+ Ke7 66. Rg8 Kf6 67. Rf8+ Ke7 68. Rf1 Kd6
69. Ra1 Ra7 70. Rh1 Rh7 71. Rb1 Rg7 72. Rb6+ Ke7 73. Rh6 Rg4+ 74. Kc5 Rg7 75.
Ra6 Rg5 76. Ra7+ Kf6 77. Kd6 Rg7 78. Ra8 Rg5 79. Rf8+ Kg7 80. Rf2 Rg6+ 81. Be6
Rf6 82. Re2 Rg6 83. Ke5 Rg3 84. Bf5 Rc3 85. Rg2+ Kf8 86. Be6 Ke7 87. Rg7+ Kf8
88. Rf7+ Ke8 89. Rh7 Rf3 90. Bf5 Kd8 91. Kd6 Ke8 92. Ke6 Kd8 93. Kf6 Rf1 94.
Rd7+ Ke8 95. Rd2 Rf4 (95... Rf3 96. Re2+ Kd8 (96... Kf8 97. Rh2 Rg3 98. Rh8+
Rg8 99. Rh7) 97. Rc2) 96. Re2+ Kd8 97. Rc2 {5 moves before 50 move rule draw}
1-0

[Event "United States Championship 2006"]
[Site "San Diego USA"]
[Date "2006.03.08"]
[Round "6"]
[White "Akobian, V."]
[Black "Kraai, J."]
[Result "1-0"]
[WhiteElo "2600"]
[BlackElo "2443"]
[Annotator "GM Akobian"]
[PlyCount "75"]
[EventDate "2006.??.??"]
[WhiteTeam "United States of America"]
[BlackTeam "United States of America"]
[WhiteTeamCountry "USA"]
[BlackTeamCountry "USA"]

1. d4 e6 2. c4 Bb4+ 3. Bd2 a5 4. Nc3 Nf6 5. e4 d5 6. e5 Ne4 7. Nxe4 dxe4 8. a3
Bxd2+ 9. Qxd2 O-O 10. Qe3 f5 11. exf6 Qxf6 12. Ne2 Nc6 13. Rd1 e5 14. d5 Ne7
15. Ng3 Nf5 16. Nxf5 Bxf5 17. Be2 (17. c5 $16) 17... Qh4 18. c5 Rf6 19. d6 cxd6
20. cxd6 Rd8 21. Qc5 Bg4 22. g3 Qh5 23. Qxa5 Rdf8 24. Qd5+ R6f7 (24... Kh8 25.
Bxg4 Qxg4 26. O-O $18) 25. Bxg4 Qxg4 26. O-O h5 27. Rfe1 Kh8 28. Qxe4 Qh3 29.
Rd2 Re8 30. Qg6 Kg8 31. d7 Rd8 32. Rxe5 Rdxd7 33. Re8+ Rf8 34. Rxf8+ Kxf8 35.
Rxd7 Qxd7 36. Qxh5 Qd2 37. Qf3+ Kg8 38. Qxb7 1-0

[Event "United States Championship 2006"]
[Site "San Diego USA"]
[Date "2006.03.10"]
[Round "8"]
[White "Akobian, V."]
[Black "Onischuk, A."]
[Result "1/2-1/2"]
[WhiteElo "2600"]
[BlackElo "2650"]
[Annotator "GM Akobian"]
[PlyCount "60"]
[EventDate "2006.??.??"]
[WhiteTeam "United States of America"]
[BlackTeam "United States of America"]
[WhiteTeamCountry "USA"]
[BlackTeamCountry "USA"]

1. d4 Nf6 2. c4 e6 3. Nf3 b6 4. g3 Bb7 5. Bg2 Be7 6. O-O O-O 7. Nc3 Ne4 8. Bd2
(8. Nxe4 Bxe4 9. Ne1 Bxg2 10. Nxg2) 8... f5 9. d5 Bf6 10. Qc2 exd5 $2 (10...
Bxc3 $1 11. Bxc3 exd5 12. cxd5 Bxd5 13. Rad1 Bb7 $13 (13... c6 $13)) 11. Nxd5
$1 $14 Na6 $6 12. Bf4 $6 (12. Rad1 $1 Nac5 (12... Bxd5 13. cxd5 Nac5 14. b4 (
14. Bf4 a5 15. Nd4 Bxd4 16. Rxd4 Qf6 17. Rfd1 Nd6 18. Be3 Rae8 $14) 14... Nb7
15. a3 Nbd6 $14 16. Bf4) 13. b4 Ne6 14. Be3 $16) 12... Bxd5 13. cxd5 Nac5 14.
b4 $2 {too risky needed to play more solid} (14. Rad1 a5 15. Nd4 Bxd4 16. Rxd4
Qf6 $11) (14. Rac1 a5 15. Nd2 Nxd2 16. Qxd2 $14) 14... Bxa1 15. Rxa1 Nb7 (15...
Na6 16. Qc4 Qc8 17. d6+ Kh8 18. dxc7) 16. Nd4 Nbd6 17. Rd1 a5 18. f3 Nf6 19. e4
(19. b5 $1 Rc8 (19... Nxd5 20. Bxd6 cxd6 21. Qb3 $18) (19... Nxd5 20. Qb3) 20.
Nxf5 Nxf5 21. Qxf5 Qe7 22. Qd3 Qb4 23. e4 Qb2 24. a4 $14) 19... fxe4 20. fxe4
Nh5 21. e5 (21. Bc1) 21... Nxf4 22. gxf4 Rxf4 (22... Ne8 $2 23. Ne6 $1 $14 dxe6
24. dxe6 Qc8 25. Bxa8 Qxa8 26. e7 Rf7 27. Rd8) 23. exd6 cxd6 24. bxa5 bxa5 25.
Nf3 Qf6 26. Rd3 Qa1+ 27. Rd1 Qf6 28. Rd3 Qa1+ 29. Rd1 Qf6 30. Rd3 Qa1+ 1/2-1/2

[Event "Foxwoods Open"]
[Site "?"]
[Date "2006.04.14"]
[Round "4"]
[White "Zapata, A."]
[Black "Akobian, V."]
[Result "0-1"]
[WhiteElo "2470"]
[BlackElo "2575"]
[Annotator "GM Akobian"]
[PlyCount "84"]
[EventDate "2006.02.08"]
[WhiteTeam "USA"]
[BlackTeam "USA"]
[WhiteTeamCountry "USA"]
[BlackTeamCountry "USA"]

1. e4 d6 2. d4 Nf6 3. Nc3 c6 4. a4 e5 5. a5 Qc7 6. Be2 Be7 7. Nf3 O-O 8. O-O
Bg4 9. Be3 Nbd7 10. Nd2 Be6 (10... Bxe2 11. Qxe2 $14) 11. f4 exf4 12. Bxf4 b5
$1 13. Kh1 a6 14. Bf3 Rfe8 15. Re1 Rad8 16. Nf1 Nf8 17. b4 Ng6 18. Bg3 Qc8 19.
Qd2 Bg4 20. Bxg4 Qxg4 21. h3 Qc8 22. Bh2 c5 23. Ng3 (23. bxc5 dxc5 24. d5 Bd6
$17) 23... cxb4 24. Na2 d5 25. e5 Ne4 26. Nxe4 dxe4 27. Rxe4 Qc4 28. Nc1 f5
$138 (28... Bc5 $1 29. Nb3 f5 30. Re3 (30. Ree1 Bxd4 31. Rad1 Bb6 32. axb6 Rxd2
33. Rxd2 f4 $19) 30... Rxd4 31. Nxd4 Qxd4 32. Qxd4 Bxd4 33. Rae1 Bxe3 34. Rxe3
f4 $19) 29. exf6 Bxf6 30. Rxe8+ Rxe8 31. Bg1 (31. Nb3 Re2 $17) 31... Nh4 (31...
Re4 32. Nd3 Bxd4 33. Bxd4 Rxd4 $17) 32. Nd3 Nf5 33. Re1 Kf7 34. Bf2 (34. Ne5+
Bxe5 35. dxe5 Rxe5 (35... Kg8 $13) 36. Qd7+ Kf6 37. Qd8+ Re7 38. Qf8+ $11) (34.
Rxe8 Ng3+ 35. Kh2 Nf1+ $19) 34... Rxe1+ 35. Qxe1 b3 36. Qe4 (36. Ne5+ Bxe5 37.
cxb3 Ng3+ 38. Bxg3 Bxg3 39. Qxg3 Qxd4 $11) 36... b2 $1 37. Qxf5 (37. Nxb2 Qf1+
38. Bg1 (38. Kh2 Qxf2 $19) 38... Ng3+ $19) (37. Qb7+ Ne7 38. Nxb2 Qf1+ 39. Bg1
Bxd4 $19) 37... b1=Q+ 38. Kh2 Qe6 39. Qxh7 Qf1 (39... Qxc2 40. Ne5+ Bxe5+ 41.
dxe5 Qxh7 $19) 40. Qh5+ g6 $138 (40... Kg8 $19) 41. Qh7+ Kf8 42. Qh6+ (42. Qxg6
Be5+ 43. Nxe5 Qxg6 44. Nxg6+ Kg7 $19) 42... Bg7 0-1